000 nam a22 7a 4500
999 _c8103
_d8103
008 171128b xxu||||| |||| 00| 0 eng d
100 _aVoron Kova.L.
_94548
245 _aHappy Days
260 _aMoscow
_c1980